<?xml version="1.0" encoding="UTF-8"?>
<record
    xmlns:xsi="http://www.w3.org/2001/XMLSchema-instance"
    xsi:schemaLocation="http://www.loc.gov/MARC21/slim http://www.loc.gov/standards/marcxml/schema/MARC21slim.xsd"
    xmlns="http://www.loc.gov/MARC21/slim">

  <leader>02154cam a22002414a 4500</leader>
  <datafield tag="999" ind1=" " ind2=" ">
    <subfield code="c">6130</subfield>
    <subfield code="d">6130</subfield>
  </datafield>
  <controlfield tag="001">17148067</controlfield>
  <controlfield tag="003">OSt</controlfield>
  <controlfield tag="005">20220723130403.0</controlfield>
  <controlfield tag="008">120203s2012    enka     b    001 0 eng  </controlfield>
  <datafield tag="020" ind1=" " ind2=" ">
    <subfield code="a">9788120316096</subfield>
  </datafield>
  <datafield tag="040" ind1=" " ind2=" ">
    <subfield code="c">oclc</subfield>
  </datafield>
  <datafield tag="082" ind1="0" ind2="0">
    <subfield code="a">658.8</subfield>
    <subfield code="b">KOT/M</subfield>
  </datafield>
  <datafield tag="100" ind1=" " ind2=" ">
    <subfield code="a">Kotler, Philip</subfield>
    <subfield code="9">1233</subfield>
  </datafield>
  <datafield tag="245" ind1="0" ind2="0">
    <subfield code="a">Marketing management /</subfield>
    <subfield code="c">Philip Kotler </subfield>
  </datafield>
  <datafield tag="250" ind1=" " ind2=" ">
    <subfield code="a">Millennium Ed.</subfield>
  </datafield>
  <datafield tag="260" ind1=" " ind2=" ">
    <subfield code="a">New Delhi:</subfield>
    <subfield code="b">Prentice Hall Of India Private Ltd,</subfield>
    <subfield code="c">2001.</subfield>
  </datafield>
  <datafield tag="300" ind1=" " ind2=" ">
    <subfield code="a">718p</subfield>
  </datafield>
  <datafield tag="504" ind1=" " ind2=" ">
    <subfield code="a">Includes bibliographical references and index.</subfield>
  </datafield>
  <datafield tag="505" ind1="0" ind2=" ">
    <subfield code="a">Preface -- Acknowledgements -- Publisher's acknowledgements -- Introduction to marketing -- Understanding marketing management within a global context -- Developing marketing strategies and plans -- Managing digital technology in marketing -- Capturing marketing insights -- The changing marketing environment and information management -- Managing market research and forecasting -- Analysing consumer markets -- Analysing business markets -- Dealing with competition -- Connecting with customers -- Seeking and developing target marketing differentiation strategies -- Creating customer value, satisfaction and loyalty -- Building strong brands -- Creating and managing brands and brand equity -- Digital and global brand management strategies -- Designing, developing, and managing market offerings -- Shaping the market offering -- Designing, developing and managing market offerings -- Introducing new market offerings -- Developing and managing pricing strategies -- Delivering value -- Designing and managing integrated marketing channels and global value networks -- Managing process, people, and physical evidence at the consumer interface -- Communicating value -- Designing and managing marketing communications -- Managing mass and personal communications -- Managing marketing implementation and control -- Implementing marketing management -- Managing marketing metrics -- Glossary -- Name index -- Organisation and brand index.</subfield>
  </datafield>
  <datafield tag="650" ind1=" " ind2="0">
    <subfield code="a">Marketing</subfield>
    <subfield code="z">Europe</subfield>
    <subfield code="x">Management.</subfield>
  </datafield>
  <datafield tag="650" ind1=" " ind2="0">
    <subfield code="a">Marketing</subfield>
    <subfield code="x">Management.</subfield>
  </datafield>
  <datafield tag="942" ind1=" " ind2=" ">
    <subfield code="2">ddc</subfield>
    <subfield code="c">BK</subfield>
    <subfield code="h">658.8</subfield>
    <subfield code="i">KOT/M</subfield>
    <subfield code="k">658.8</subfield>
    <subfield code="m">KOT/M</subfield>
  </datafield>
</record>
